01321cam a2200325 i 45000010009000000050017000090080041000260100017000670200034000840200031001180200024001490200024001730200024001970400028002210420008002490500022002570820018002791000031002972450077003283000045004054900025004505040067004756500034005427000028005767760163006049060045007679420034008129990017008469520132008631772086920230715140011.0130502s2013 enka b 001 0 eng  a 2013017386 a9781119971917 (cloth/website) a1119971918 (cloth/website) z9781119973485 (ebk) z9781119973492 (ebk) z9781119973508 (ebk) aDLCbengcDLCerdadDLC apcc00aHG 106 .A387 201300a332.01/512231 aAichinger, Michael,d1979-12aA workout in computational finance /cMichael Aichinger, Andreas Binder. axi, 320 pages :billustrations ;c25 cm.0 aWiley finance series aIncludes bibliographical references (pages 301-306) and index. 0aFinancexMathematical models.1 aBinder, Andreas,d1964-08iOnline version:aAichinger, Michael, 1979-tWorkout in computational financedHoboken, N.J. : John Wiley & Sons, Inc., [2013]z9781119973485w(DLC) 2013018390 a7bcbccorignewd1eecipf20gy-gencatlg 2lcccBOOKShHG 106 .A387 2013 c31671d31671 00102lcc4070aMUCbMUCcGENd2023-07-15eDonation (falcon books)l0oHG 106 .A387 2013p39447r2023-07-03w2023-07-15yBOOKS